<?xml version="1.0" encoding="UTF-8"?><?xml-stylesheet type="text/xsl" href="static/style.xsl"?><OAI-PMH xmlns="http://www.openarchives.org/OAI/2.0/" xmlns:xsi="http://www.w3.org/2001/XMLSchema-instance" xsi:schemaLocation="http://www.openarchives.org/OAI/2.0/ http://www.openarchives.org/OAI/2.0/OAI-PMH.xsd"><responseDate>2026-06-07T15:17:43Z</responseDate><request verb="GetRecord" identifier="oai:docta.ucm.es:20.500.14352/8784" metadataPrefix="marc">https://docta.ucm.es/rest/oai/request</request><GetRecord><record><header><identifier>oai:docta.ucm.es:20.500.14352/8784</identifier><datestamp>2025-02-27T18:05:20Z</datestamp><setSpec>com_20.500.14352_14</setSpec><setSpec>col_20.500.14352_21</setSpec></header><metadata><record xmlns="http://www.loc.gov/MARC21/slim" xmlns:dcterms="http://purl.org/dc/terms/" xmlns:xsi="http://www.w3.org/2001/XMLSchema-instance" xmlns:doc="http://www.lyncode.com/xoai" xsi:schemaLocation="http://www.loc.gov/MARC21/slim http://www.loc.gov/standards/marcxml/schema/MARC21slim.xsd">
   <leader>00925njm 22002777a 4500</leader>
   <datafield ind2=" " ind1=" " tag="042">
      <subfield code="a">dc</subfield>
   </datafield>
   <datafield ind2=" " ind1=" " tag="720">
      <subfield code="a">Álvarez Vázquez, María Del Pilar</subfield>
      <subfield code="e">author</subfield>
   </datafield>
   <datafield ind2=" " ind1=" " tag="720">
      <subfield code="a">Majano López de Madrid, Carmen</subfield>
      <subfield code="e">author</subfield>
   </datafield>
   <datafield ind2=" " ind1=" " tag="720">
      <subfield code="a">Valderrama Conde, María José</subfield>
      <subfield code="e">author</subfield>
   </datafield>
   <datafield ind2=" " ind1=" " tag="260">
      <subfield code="c">2020-12</subfield>
   </datafield>
   <datafield ind2=" " ind1=" " tag="520">
      <subfield code="a">El Aprendizaje-Servicio (ApS) es una metodología docente innovadora para el aprendizaje de competencias que permite a estudiantes y profesores universitarios cumplir una función social. Presentamos dos proyectos de la Universidad Complutense de Madrid realizados en los cursos 2018/19 y 19/20. Nos planteamos mejorar la formación de los estudiantes a la vez que prestamos un servicio a colectivos desfavorecidos. En ambos casos se trabajaron temas relacionados con enfermedades infecciosas, previamente elegidos por los colectivos, mediante el análisis de películas.  En el primer proyecto, participaron 5 tutoras (profesoras, alumnas post- y predoctorales) y 21 estudiantes pregraduados. En el segundo, fueron 11 tutoras y 40 estudiantes, si bien debido a la crisis del COVID-19, finalmente la participación quedó en 9 y 20, respectivamente. Los colectivos a los que se prestó servicio fueron:  personas sin hogar, personas sin hogar con enfermedad mental, usuarios de centro de tratamiento de adicciones, presidiarios, mujeres en riesgo de exclusión, menores no acompañados, jóvenes de zonas marginales y adolescentes. En ambos proyectos los estudiantes, de distintos cursos y grados, trabajaron en equipos de 5, distribuyéndose roles y responsabilidades. Se profundizó en distintas enfermedades, su etiología, transmisión, tratamiento y prevención. Pero, además, se trabajaron diferentes competencias transversales (análisis crítico, expresión oral, adaptación del lenguaje a distintos contextos, trabajo en equipo, etc.), contribuyendo a la par a la función social de la Universidad realizando un servicio a colectivos necesitados. En el segundo proyecto, la formación se vio reforzada a través de jornadas iniciales donde expertos en infecciones de transmisión sexual, detección de necesidades sociales y cine, pusieron a los participantes en contexto. Los proyectos terminaron con una jornada final de celebración donde los estudiantes expusieron los trabajos y materiales creados y todos los participantes mostraron su satisfacción con la experiencia vivida.</subfield>
   </datafield>
   <datafield ind1="8" ind2=" " tag="024">
      <subfield code="a">978-84-09-23751-7</subfield>
   </datafield>
   <datafield ind1="8" ind2=" " tag="024">
      <subfield code="a">https://hdl.handle.net/20.500.14352/8784</subfield>
   </datafield>
   <datafield ind2="0" ind1="0" tag="245">
      <subfield code="a">Enfermedades infecciosas, cine y función social de la Universidad</subfield>
   </datafield>
</record></metadata></record></GetRecord></OAI-PMH>